[Event "FIRST SATURDAY  GM JUNE 2013 DR"]
[Site "Budapest"]
[Date "2013.06.01"]
[Round "1.1"]
[White "Akesson, Ralf"]
[Black "Hujbert, Florian"]
[Result "1/2-1/2"]
[WhiteElo "2449"]
[BlackElo "2456"]
[PlyCount "54"]
[EventDate "2013.06.01"]

1. d4 g6 2. e4 Bg7 3. c4 d6 4. Nc3 Nf6 5. h3 O-O 6. Bg5 c5 7. d5 e6 8. Nf3 exd5
9. cxd5 Re8 10. Bd3 c4 11. Bc2 b5 12. a3 Bd7 13. O-O a5 14. Nd4 Qb6 15. Ndxb5
Bxb5 16. Bxf6 Bxf6 17. Nxb5 Na6 18. a4 Bxb2 19. Rb1 Bg7 20. Kh1 Nb4 21. f4 Qc5
22. Rc1 Na2 23. Rb1 Rab8 24. Qf3 Nb4 25. Rfc1 Na2 26. Rf1 Nb4 27. Rfc1 Na2
1/2-1/2

[Event "FIRST SATURDAY  GM JUNE 2013 DR"]
[Site "Budapest"]
[Date "2013.06.01"]
[Round "1.2"]
[White "Franco Alonso, Alejandro"]
[Black "Gonda, Laszlo"]
[Result "1/2-1/2"]
[WhiteElo "2487"]
[BlackElo "2524"]
[PlyCount "114"]
[EventDate "2013.06.01"]

1. Nf3 d5 2. d4 Nf6 3. c4 c6 4. e3 Bg4 5. Qb3 Qb6 6. Nc3 e6 7. Nh4 Bh5 8. h3
Be7 9. g4 Bg6 10. Nxg6 hxg6 11. Bg2 g5 12. Bd2 Nbd7 13. O-O-O a5 14. Kb1 a4 15.
Qxb6 Nxb6 16. c5 Nc4 17. b3 axb3 18. axb3 Nxd2+ 19. Rxd2 Nd7 20. Rc1 b6 21.
cxb6 Nxb6 22. Ra2 Kd7 23. Rxa8 Rxa8 24. Rc2 Ra3 25. Kb2 Ra5 26. Kb1 Ra3 27. Kb2
Bd6 28. Rc1 f6 29. Ra1 Rxa1 30. Kxa1 Bh2 31. Ne2 e5 32. Kb2 Na8 33. dxe5 fxe5
34. Kc2 Nc7 35. e4 Kd6 36. b4 Ne8 37. Kd3 Nf6 38. f3 Nd7 39. exd5 cxd5 40. Nc3
Nf8 41. f4 e4+ 42. Bxe4 dxe4+ 43. Nxe4+ Kc6 44. fxg5 Ng6 45. Ke3 Kd5 46. Nc3+
Kc4 47. Ne2 Kxb4 48. Ke4 Nh4 49. Nd4 g6 50. Nf5 gxf5+ 51. gxf5 Bd6 52. g6 Bf8
53. Kf4 Bg7 54. Kg4 Nxg6 55. fxg6 Kc5 56. h4 Kd6 57. h5 Bh6 1/2-1/2

1/2-1/2

[Event "FIRST SATURDAY  GM JUNE 2013 DR"]
[Site "Budapest"]
[Date "2013.06.01"]
[Round "1.3"]
[White "Andreev, Eduard"]
[Black "Szalanczy, Emil"]
[Result "1-0"]
[WhiteElo "2498"]
[BlackElo "2285"]
[PlyCount "97"]
[EventDate "2013.06.01"]

1. e4 c5 2. Nf3 d6 3. d4 cxd4 4. Nxd4 Nf6 5. Nc3 g6 6. Be3 Bg7 7. f3 Nc6 8. Qd2
O-O 9. O-O-O Bd7 10. g4 Rb8 11. h4 b5 12. Nxc6 Bxc6 13. h5 b4 14. Nd5 Bxd5 15.
exd5 Qc7 16. hxg6 fxg6 17. Kb1 Rf7 18. g5 Nh5 19. Bh3 Rxf3 20. Be6+ Kh8 21. Bg4
Rg3 22. Bxh5 Qc3 23. Qc1 Qxe3 24. Qxe3 Rxe3 25. Bxg6 Re5 26. Rh5 Kg8 27. Bxh7+
Kf7 28. Rf1+ Ke8 29. Bf5 Kd8 30. Rh7 Kc7 31. Rxg7 Rf8 32. c4 bxc3 33. g6 Rexf5
34. Rxe7+ Kb6 35. Rc1 Rf1 36. bxc3 Rxc1+ 37. Kxc1 Rf2 38. g7 Rg2 39. c4 a5 40.
a3 a4 41. Rd7 Kc5 42. Rc7+ Kd4 43. Kd1 Rg3 44. Ke2 Re3+ 45. Kf2 Re8 46. Kf3 Kc3
47. c5 dxc5 48. d6 Rg8 49. d7 1-0

[Event "FIRST SATURDAY  GM JUNE 2013 DR"]
[Site "Budapest"]
[Date "2013.06.02"]
[Round "2.1"]
[White "Hujbert, Florian"]
[Black "Szalanczy, Emil"]
[Result "1-0"]
[WhiteElo "2456"]
[BlackElo "2285"]
[PlyCount "53"]
[EventDate "2013.06.01"]

1. e4 c5 2. Nf3 d6 3. d4 cxd4 4. Qxd4 Nf6 5. Nc3 Nc6 6. Bb5 Qa5 7. e5 Qxb5 8.
Nxb5 Nxd4 9. Nfxd4 dxe5 10. Nc7+ Kd7 11. Nxa8 exd4 12. Bf4 e5 13. Bxe5 Bd6 14.
f4 Bxe5 15. fxe5 Ng4 16. O-O-O Kc6 17. Rxd4 Be6 18. Rd6+ Kc5 19. Nc7 Nxe5 20.
Rhd1 Ng4 21. b4+ Kxb4 22. Nxe6 h5 23. R1d4+ Ka5 24. Nc5 b6 25. Nb3+ Ka6 26.
Ra4+ Kb5 27. Rxa7 1-0

[Event "FIRST SATURDAY  GM JUNE 2013 DR"]
[Site "Budapest"]
[Date "2013.06.02"]
[Round "2.2"]
[White "Gonda, Laszlo"]
[Black "Andreev, Eduard"]
[Result "1-0"]
[WhiteElo "2524"]
[BlackElo "2498"]
[PlyCount "99"]
[EventDate "2013.06.01"]

1. d4 Nf6 2. c4 e6 3. Nf3 Bb4+ 4. Bd2 c5 5. Bxb4 cxb4 6. e3 b6 7. Bd3 Bb7 8.
Nbd2 O-O 9. Qc2 d6 10. O-O Qe7 11. Ng5 h6 12. Nge4 Nfd7 13. f4 f5 14. Ng3 g6
15. e4 Nc6 16. Nf3 Qg7 17. Ne2 Ne7 18. Rae1 fxe4 19. Bxe4 d5 20. cxd5 Nxd5 21.
Qd2 N7f6 22. Bd3 Ng4 23. Ne5 Nxe5 24. fxe5 g5 25. Be4 Rxf1+ 26. Rxf1 Rf8 27.
Rxf8+ Qxf8 28. Qd3 Kg7 29. h4 g4 30. Qg3 h5 31. Bxd5 Bxd5 32. Nf4 Qf5 33. Nxd5
exd5 34. Qe3 Kf7 35. Qf2 Ke6 36. Qxf5+ Kxf5 37. Kf2 a5 38. b3 Ke6 39. Ke2 Kf5
40. Ke3 b5 41. Kd3 Kg6 42. Ke2 a4 43. Kd3 Kf7 44. Ke3 Kg7 45. Kf4 Kg6 46. g3 a3
47. e6 Kf6 48. e7 Kxe7 49. Kg5 Ke6 50. Kg6 1-0

[Event "FIRST SATURDAY  GM JUNE 2013 DR"]
[Site "Budapest"]
[Date "2013.06.02"]
[Round "2.3"]
[White "Akesson, Ralf"]
[Black "Franco Alonso, Alejandro"]
[Result "1/2-1/2"]
[WhiteElo "2449"]
[BlackElo "2487"]
[PlyCount "36"]
[EventDate "2013.06.01"]

1. d4 Nf6 2. c4 e6 3. Nc3 Bb4 4. Qc2 c5 5. dxc5 Bxc5 6. Nf3 Qb6 7. e3 Qc7 8. b3
b6 9. Bb2 a6 10. Bd3 Bb7 11. Ne4 Be7 12. Nxf6+ Bxf6 13. Bxf6 gxf6 14. Be4 Nc6
15. Qb2 Ke7 16. Nd4 Nxd4 17. Qxd4 Bxe4 18. Qxe4 Qe5 1/2-1/2

[Event "FIRST SATURDAY  GM JUNE 2013 DR"]
[Site "Budapest"]
[Date "2013.06.03"]
[Round "3.1"]
[White "Franco Alonso, Alejandro"]
[Black "Hujbert, Florian"]
[Result "1/2-1/2"]
[WhiteElo "2487"]
[BlackElo "2456"]
[PlyCount "48"]
[EventDate "2013.06.01"]

1. d4 Nf6 2. c4 c5 3. d5 g6 4. Nc3 Bg7 5. e4 O-O 6. Bd3 e6 7. Be3 exd5 8. exd5
Re8 9. h3 Bh6 10. Qd2 Qe7 11. Nf3 d6 12. O-O Bxe3 13. fxe3 Qxe3+ 14. Qxe3 Rxe3
15. Nb5 Nbd7 16. Rad1 Ne8 17. Rde1 Rxe1 18. Rxe1 Ndf6 19. a3 Bd7 20. Nc3 Nc7
21. Kf2 Re8 22. Rb1 Rc8 23. Nd2 a6 24. b4 b5 1/2-1/2

[Event "FIRST SATURDAY  GM JUNE 2013 DR"]
[Site "Budapest"]
[Date "2013.06.03"]
[Round "3.2"]
[White "Andreev, Eduard"]
[Black "Akesson, Ralf"]
[Result "0-1"]
[WhiteElo "2498"]
[BlackElo "2449"]
[PlyCount "76"]
[EventDate "2013.06.01"]

1. e4 c6 2. d4 d5 3. e5 Bf5 4. h4 h5 5. c4 e6 6. Nc3 Ne7 7. Nge2 dxc4 8. Ng3
Bd3 9. Bxd3 cxd3 10. Qxd3 Nd7 11. Qe2 Nd5 12. Bg5 Qb6 13. O-O Qxd4 14. Nxd5
cxd5 15. Rac1 Qb6 16. Nxh5 Qa6 17. Qd1 Nxe5 18. Rc7 Bd6 19. Nxg7+ Kf8 20. Qc1
Bxc7 21. Qxc7 Ng6 22. h5 Kxg7 23. hxg6 Rh1+ 24. Kxh1 Qxf1+ 25. Kh2 Rh8+ 26. Kg3
Qd3+ 27. Be3 Qxg6+ 28. Kf3 Qe4+ 29. Kg3 Qh4+ 30. Kf3 Qe4+ 31. Kg3 Rh1 32. Bf4
Qg6+ 33. Kf3 Qd3+ 34. Kg4 Qg6+ 35. Kf3 Qe4+ 36. Kg3 Rg1 37. Be5+ Kg6 38. f3 Qe2
0-1

[Event "FIRST SATURDAY  GM JUNE 2013 DR"]
[Site "Budapest"]
[Date "2013.06.03"]
[Round "3.3"]
[White "Szalanczy, Emil"]
[Black "Gonda, Laszlo"]
[Result "0-1"]
[WhiteElo "2285"]
[BlackElo "2524"]
[PlyCount "88"]
[EventDate "2013.06.01"]

1. e4 e5 2. Nf3 Nc6 3. Bb5 a6 4. Ba4 Nge7 5. c3 g6 6. d4 exd4 7. cxd4 b5 8. Bb3
Bg7 9. a4 b4 10. Bg5 h6 11. Bh4 d6 12. h3 Na5 13. Nbd2 Bb7 14. O-O O-O 15. Re1
Qd7 16. Nc4 Nxb3 17. Qxb3 a5 18. d5 g5 19. Bg3 f5 20. Rad1 fxe4 21. Rxe4 Nf5
22. Bh2 Qf7 23. Qd3 Kh8 24. Rd2 Ba6 25. b3 Rae8 26. Rde2 Rxe4 27. Qxe4 Bb7 28.
Qd3 Qxd5 29. Qxd5 Bxd5 30. Nfd2 Bc3 31. g4 Nd4 32. Re7 Rf7 33. Re8+ Kh7 34. Bg3
Bxd2 35. Nxd2 Nxb3 36. Nxb3 Bxb3 37. Ra8 Bxa4 38. Rxa5 Bc6 39. Ra6 Bf3 40. Ra4
Re7 41. Kf1 Re4 42. Ra7 Rc4 43. Ke1 b3 44. Kd2 b2 0-1

[Event "FIRST SATURDAY  GM JUNE 2013 DR"]
[Site "Budapest"]
[Date "2013.06.04"]
[Round "4.1"]
[White "Hujbert, Florian"]
[Black "Gonda, Laszlo"]
[Result "1/2-1/2"]
[WhiteElo "2456"]
[BlackElo "2524"]
[PlyCount "28"]
[EventDate "2013.06.01"]

1. e4 e5 2. Nf3 Nc6 3. Bb5 a6 4. Bxc6 dxc6 5. O-O Be7 6. d3 f6 7. Be3 Bg4 8.
Nbd2 c5 9. Nb3 b6 10. c3 a5 11. a4 Bd6 12. d4 cxd4 13. cxd4 Ne7 14. dxe5 Bxe5
1/2-1/2

[Event "FIRST SATURDAY  GM JUNE 2013 DR"]
[Site "Budapest"]
[Date "2013.06.04"]
[Round "4.2"]
[White "Akesson, Ralf"]
[Black "Szalanczy, Emil"]
[Result "1-0"]
[WhiteElo "2449"]
[BlackElo "2285"]
[PlyCount "143"]
[EventDate "2013.06.01"]

1. Nf3 c5 2. c4 Nc6 3. d4 cxd4 4. Nxd4 Nf6 5. Nc3 e6 6. a3 Bc5 7. Nb3 b6 8. Bf4
Be7 9. Nb5 e5 10. Bg5 O-O 11. e3 Ne8 12. Bxe7 Qxe7 13. Be2 Bb7 14. O-O Rd8 15.
Rc1 d6 16. Nc3 Nf6 17. Qd3 Nb8 18. e4 Na6 19. Nd5 Nxd5 20. cxd5 Rc8 21. Bg4
Rxc1 22. Rxc1 Qg5 23. Qd1 g6 24. Rc3 h5 25. Bh3 Kg7 26. Nd2 Re8 27. b4 Re7 28.
Nf3 Qf4 29. Qc2 Nb8 30. g3 Qf6 31. Bf1 Ba6 32. Bxa6 Nxa6 33. Kg2 Rb7 34. Qa4
Nb8 35. Qe8 Qe7 36. Qc8 Qd7 37. Nd2 Na6 38. Rc6 Qxc8 39. Rxc8 Kf6 40. Kf1 Rc7
41. Rxc7 Nxc7 42. Nc4 Ke7 43. f4 exf4 44. gxf4 f6 45. h4 Kd7 46. Ke2 Ke7 47.
Kd3 Kd7 48. Ke3 Ke7 49. Kd4 Nb5+ 50. Kd3 Nc7 51. Ne3 Kf7 52. a4 Ke7 53. Kd4 Na6
54. Kc4 Nc7 55. Nf1 g5 56. hxg5 fxg5 57. fxg5 h4 58. Nh2 h3 59. Nf3 Kf7 60. b5
Kg6 61. Kd4 a6 62. bxa6 Nxa6 63. e5 Kf7 64. exd6 Nb8 65. Ke3 Nd7 66. Kf2 Nc5
67. Kg1 Kg6 68. Kh2 Nb7 69. d7 Kf7 70. Ne5+ Ke7 71. g6 Kf8 72. Kxh3 1-0

[Event "FIRST SATURDAY  GM JUNE 2013 DR"]
[Site "Budapest"]
[Date "2013.06.05"]
[Round "5.2"]
[White "Szalanczy, Emil"]
[Black "Franco Alonso, Alejandro"]
[Result "1/2-1/2"]
[WhiteElo "2285"]
[BlackElo "2487"]
[PlyCount "144"]
[EventDate "2013.06.01"]

1. e4 c5 2. Nf3 e6 3. d4 cxd4 4. Nxd4 Nf6 5. Nc3 d6 6. Be3 a6 7. g4 h5 8. g5
Ng4 9. Bc1 Qb6 10. h3 Ne5 11. Be2 g6 12. Nb3 Nbd7 13. Be3 Qc7 14. Qd4 Rg8 15.
O-O-O b5 16. f4 Nc6 17. Qd2 Bb7 18. Kb1 Rc8 19. Rhe1 Be7 20. h4 Nc5 21. Nd5
exd5 22. Bxc5 dxc5 23. exd5 Rd8 24. Bf3 Kf8 25. Qe3 Nb4 26. d6 Rxd6 27. Bxb7
Qxb7 28. a3 Re6 29. Qf2 Rxe1 30. Rxe1 Nc6 31. f5 gxf5 32. Qxf5 Nd4 33. Nxd4
cxd4 34. Rf1 Bd8 35. g6 f6 36. Re1 Kg7 37. Qxh5 Rh8 38. Qc5 Rxh4 39. Re8 Rh1+
40. Ka2 Qc7 41. Qd5 Rh8 42. Rxh8 Kxh8 43. Kb1 Kg7 44. Qh5 Kg8 45. Qd5+ Kf8 46.
Qh5 Qg7 47. Qc5+ Qe7 48. Qh5 Qe1+ 49. Ka2 Qe6+ 50. Kb1 Qg8 51. Qh6+ Qg7 52. Qh5
Be7 53. Qf5 Qg8 54. Qe4 Bd6 55. Qxd4 Be5 56. Qd8+ Kg7 57. Qd7+ Kh6 58. Qh3+ Kg5
59. Qg2+ Kf5 60. Qh3+ Kxg6 61. Qg4+ Kf7 62. Qd7+ Kf8 63. Qc8+ Kg7 64. Qg4+ Kh8
65. Qh3+ Qh7 66. Qc8+ Kg7 67. Qd7+ Kh6 68. Qh3+ Kg6 69. Qg4+ Kf7 70. Qd7+ Kg8
71. Qe8+ Kg7 72. Qd7+ Kh8 1/2-1/2

[Event "FIRST SATURDAY  GM JUNE 2013 DR"]
[Site "Budapest"]
[Date "2013.06.05"]
[Round "5.3"]
[White "Gonda, Laszlo"]
[Black "Akesson, Ralf"]
[Result "1/2-1/2"]
[WhiteElo "2524"]
[BlackElo "2449"]
[PlyCount "59"]
[EventDate "2013.06.01"]

1. c4 Nf6 2. g3 e6 3. Bg2 d5 4. Nf3 Be7 5. O-O O-O 6. d4 dxc4 7. Qc2 a6 8. a4
Bd7 9. Rd1 Bc6 10. Nc3 Bxf3 11. Bxf3 Nc6 12. Bxc6 bxc6 13. a5 Nd5 14. Na2 Qb8
15. Qxc4 Qb5 16. Qxb5 cxb5 17. e4 Nb4 18. Nxb4 Bxb4 19. Bd2 c5 20. Bxb4 cxb4
21. Rac1 Rfc8 22. d5 exd5 23. Rxc8+ Rxc8 24. Rxd5 f5 25. Rd6 fxe4 26. Rxa6 Rc1+
27. Kg2 Rc2 28. Re6 Rxb2 29. Rxe4 Ra2 30. Rxb4 1/2-1/2

[Event "FIRST SATURDAY  GM JUNE 2013 DR"]
[Site "Budapest"]
[Date "2013.06.07"]
[Round "6.1"]
[White "Hujbert, Florian"]
[Black "Akesson, Ralf"]
[Result "1/2-1/2"]
[WhiteElo "2456"]
[BlackElo "2449"]
[PlyCount "49"]
[EventDate "2013.06.01"]

1. e4 c6 2. Nf3 d5 3. exd5 cxd5 4. Ne5 Nc6 5. d4 e6 6. Bb5 Bd7 7. Nxd7 Qxd7 8.
c3 Nf6 9. O-O Bd6 10. Be3 Qc7 11. h3 O-O 12. Nd2 Qb6 13. Qb3 Na5 14. Qa4 Bc7
15. Be2 a6 16. Qb4 Qc6 17. a4 Ne8 18. c4 Nxc4 19. Nxc4 dxc4 20. Qxc4 Qxc4 21.
Bxc4 Nf6 22. Bg5 Ne4 23. Be3 Nf6 24. Bg5 Ne4 25. Be3 1/2-1/2

[Event "FIRST SATURDAY  GM JUNE 2013 DR"]
[Site "Budapest"]
[Date "2013.06.07"]
[Round "6.2"]
[White "Gonda, Laszlo"]
[Black "Franco Alonso, Alejandro"]
[Result "1-0"]
[WhiteElo "2524"]
[BlackElo "2487"]
[PlyCount "67"]
[EventDate "2013.06.01"]

1. Nf3 Nf6 2. c4 e6 3. g3 d5 4. Bg2 dxc4 5. Qa4+ c6 6. Qxc4 b5 7. Qc2 Bb7 8.
Nc3 Nbd7 9. O-O a6 10. a4 Be7 11. d4 Rc8 12. Rd1 b4 13. Ne4 c5 14. Nxf6+ Nxf6
15. dxc5 Qa5 16. Be3 Be4 17. Qb3 Bd5 18. Qd3 Be4 19. Qd4 O-O 20. Nd2 Bxc5 21.
Qe5 Bd5 22. Bxd5 Bxe3 23. Qxe3 Nxd5 24. Qd3 Rfd8 25. Nb3 Qb6 26. a5 Qc7 27.
Qxa6 Ra8 28. Qb5 Qc2 29. Qd3 Qc7 30. Qe4 h5 31. Rac1 Qd7 32. Qf3 Qa4 33. Ra1
Qc6 34. Rdc1 1-0

[Event "FIRST SATURDAY  GM JUNE 2013 DR"]
[Site "Budapest"]
[Date "2013.06.07"]
[Round "6.3"]
[White "Szalanczy, Emil"]
[Black "Andreev, Eduard"]
[Result "1/2-1/2"]
[WhiteElo "2285"]
[BlackElo "2498"]
[PlyCount "134"]
[EventDate "2013.06.01"]

1. e4 c5 2. Nf3 d6 3. d4 cxd4 4. Nxd4 Nf6 5. Nc3 Nc6 6. Bg5 e6 7. Qd2 a6 8.
O-O-O Bd7 9. Nxc6 Bxc6 10. Bd3 Be7 11. Kb1 h6 12. Bf4 b5 13. f3 Qc7 14. Rhe1
Nd7 15. Bg3 Bb7 16. h4 O-O 17. f4 Nc5 18. a3 Rfd8 19. Bf2 Nxd3 20. cxd3 Qd7 21.
Bb6 Rdc8 22. Ba5 d5 23. g3 Bd8 24. Bxd8 Rxd8 25. exd5 Bxd5 26. Nxd5 Qxd5 27.
Re5 Qd6 28. Qb4 Qd7 29. d4 Rac8 30. Rc5 Rxc5 31. Qxc5 Rc8 32. Qe5 Qc6 33. Qe2
a5 34. f5 b4 35. fxe6 fxe6 36. axb4 axb4 37. Qd3 Kh8 38. g4 Qd5 39. g5 Ra8 40.
Kc2 b3+ 41. Kd2 hxg5 42. hxg5 Rc8 43. Qh3+ Kg8 44. Qg4 Rc2+ 45. Ke3 Rg2 46. Qf4
Rxg5 47. Rc1 Rh5 48. Rc8+ Kh7 49. Qe4+ Qxe4+ 50. Kxe4 Rh2 51. Ke5 Re2+ 52. Kd6
g5 53. Rc3 Rxb2 54. Kxe6 Kg6 55. Re3 Rb1 56. d5 b2 57. Re2 g4 58. d6 Rh1 59.
Rxb2 Re1+ 60. Kd5 Kf7 61. Rb7+ Ke8 62. Rg7 Rd1+ 63. Ke5 Re1+ 64. Kf4 Rf1+ 65.
Ke5 Re1+ 66. Kf4 Rf1+ 67. Ke5 Re1+ 1/2-1/2

[Event "FIRST SATURDAY  GM JUNE 2013 DR"]
[Site "Budapest"]
[Date "2013.06.08"]
[Round "7.1"]
[White "Szalanczy, Emil"]
[Black "Hujbert, Florian"]
[Result "0-1"]
[WhiteElo "2285"]
[BlackElo "2456"]
[PlyCount "138"]
[EventDate "2013.06.01"]

1. e4 c5 2. Nf3 Nc6 3. d4 cxd4 4. Nxd4 Nf6 5. Nc3 e5 6. Ndb5 d6 7. Bg5 a6 8.
Na3 b5 9. Nd5 Be7 10. Bxf6 Bxf6 11. c4 b4 12. Nc2 a5 13. Qf3 Be7 14. h4 O-O 15.
g3 Be6 16. Bh3 Rb8 17. Kf1 Qd7 18. Kg2 f5 19. exf5 Bxf5 20. Bxf5 Rxf5 21. Qe4
Rbf8 22. Raf1 Bd8 23. f3 R5f7 24. Rf2 Nb8 25. Ne1 Qa7 26. Rhf1 Nd7 27. Nd3 Bb6
28. Re2 Nc5 29. Nxc5 Bxc5 30. Qg4 Qa8 31. Re4 Qe8 32. b3 Rf5 33. f4 Kh8 34.
Rfe1 h5 35. Qd1 Qf7 36. R1e2 Re8 37. Qd3 Re6 38. Kf1 Rg6 39. Ke1 Rg4 40. Kd2 a4
41. Kc2 axb3+ 42. axb3 Qa7 43. Kb1 Rf8 44. Ra2 Qf7 45. Ree2 Rg6 46. Ra4 Re6 47.
Qe4 Ree8 48. Qd3 e4 49. Qd2 Qg6 50. Re3 Qg4 51. Qe2 Qh3 52. Qxh5+ Kg8 53. Qe2
Bxe3 54. Qxe3 Qf1+ 55. Kc2 Qg2+ 56. Kb1 Ra8 57. Ra7 Qf1+ 58. Kc2 Qg2+ 59. Kc1
Rxa7 60. Qxa7 Qxg3 61. Qe7 Qe1+ 62. Kb2 Qd2+ 63. Kb1 Qd3+ 64. Kb2 Qd4+ 65. Kc2
Ra8 66. Nxb4 Qf2+ 67. Kc3 Qe1+ 68. Kc2 Qxb4 69. Qxe4 Ra2+ 0-1

[Event "FIRST SATURDAY  GM JUNE 2013 DR"]
[Site "Budapest"]
[Date "2013.06.08"]
[Round "7.2"]
[White "Andreev, Eduard"]
[Black "Gonda, Laszlo"]
[Result "1/2-1/2"]
[WhiteElo "2498"]
[BlackElo "2524"]
[PlyCount "52"]
[EventDate "2013.06.01"]

1. e4 e5 2. Nf3 Nc6 3. d4 exd4 4. Nxd4 Nf6 5. Nxc6 bxc6 6. e5 Qe7 7. Qe2 Nd5 8.
c4 Ba6 9. b3 g6 10. g3 Bg7 11. Bb2 O-O 12. Bg2 Rae8 13. O-O Bxe5 14. Qxe5 Qxe5
15. Bxe5 Rxe5 16. cxd5 Bxf1 17. Kxf1 cxd5 18. f4 Re3 19. Bxd5 Rd3 20. Bf3 Re8
21. Kf2 Kg7 22. Be2 Rd4 23. a3 Rde4 24. Bd1 Rd4 25. Be2 Rde4 26. Bd1 Rd4
1/2-1/2

[Event "FIRST SATURDAY  GM JUNE 2013 DR"]
[Site "Budapest"]
[Date "2013.06.09"]
[Round "8.1"]
[White "Hujbert, Florian"]
[Black "Franco Alonso, Alejandro"]
[Result "1/2-1/2"]
[WhiteElo "2456"]
[BlackElo "2487"]
[PlyCount "44"]
[EventDate "2013.06.01"]

1. e4 c6 2. Nf3 d5 3. exd5 cxd5 4. Ne5 Nf6 5. d4 g6 6. c3 Bg7 7. Bb5+ Nbd7 8.
O-O O-O 9. Qe2 Nxe5 10. dxe5 Ne4 11. Nd2 Bxe5 12. Nxe4 dxe4 13. Bh6 Bg7 14.
Bxg7 Kxg7 15. Qxe4 Qc7 16. Rfd1 Bf5 17. Qe3 Rfd8 18. h3 b6 19. Be2 Kg8 20. Bf3
Rxd1+ 21. Rxd1 Rd8 22. Rd4 Rxd4 1/2-1/2

[Event "FIRST SATURDAY  GM JUNE 2013 DR"]
[Site "Budapest"]
[Date "2013.06.09"]
[Round "8.2"]
[White "Akesson, Ralf"]
[Black "Andreev, Eduard"]
[Result "1/2-1/2"]
[WhiteElo "2449"]
[BlackElo "2498"]
[PlyCount "30"]
[EventDate "2013.06.01"]

1. d4 Nf6 2. c4 e6 3. Nf3 Bb4+ 4. Nbd2 O-O 5. g3 d5 6. Bg2 c5 7. dxc5 Bxc5 8.
O-O Nc6 9. cxd5 Qxd5 10. Qc2 Bd7 11. Nc4 Qh5 12. Bf4 Nb4 13. Qb3 Bc6 14. a3
Nbd5 15. Be5 Nb6 1/2-1/2

[Event "FIRST SATURDAY  GM JUNE 2013 DR"]
[Site "Budapest"]
[Date "2013.06.10"]
[Round "9.1"]
[White "Gonda, Laszlo"]
[Black "Hujbert, Florian"]
[Result "1/2-1/2"]
[WhiteElo "2524"]
[BlackElo "2456"]
[PlyCount "102"]
[EventDate "2013.06.01"]

1. d4 Nf6 2. c4 c5 3. d5 g6 4. Nc3 Bg7 5. e4 O-O 6. Bd3 e6 7. h3 exd5 8. exd5
Re8+ 9. Nge2 d6 10. O-O Nbd7 11. f4 Nh5 12. Bd2 f5 13. Qc2 a6 14. a4 b6 15.
Rae1 Ndf6 16. Rf3 Ra7 17. Nc1 Rae7 18. Rxe7 Rxe7 19. N1e2 Qe8 20. Be1 Ne4 21.
Bh4 Bf6 22. Bxf6 Nhxf6 23. Bxe4 Nxe4 24. Re3 Nxc3 25. Rxe7 Qxe7 26. Nxc3 Qe1+
27. Kh2 Qf1 28. Qb3 Qxf4+ 29. Kh1 Qf1+ 30. Kh2 Qf4+ 31. Kh1 Kf7 32. Qxb6 Ke7
33. Qb8 Bd7 34. Qh8 Qf1+ 35. Kh2 Qf4+ 36. Kh1 Be8 37. Qxh7+ Bf7 38. Qh8 Qf1+
39. Kh2 Qf4+ 40. Kh1 Qxc4 41. Qh6 Qd4 42. Qg5+ Kd7 43. Qh6 Ke7 44. Qg5+ Qf6 45.
Qd2 Qe5 46. Qd3 a5 47. Qb5 Qe1+ 48. Kh2 Qf2 49. Qxa5 Qf4+ 50. Kh1 Qf1+ 51. Kh2
Qf4+ 1/2-1/2

[Event "FIRST SATURDAY  GM JUNE 2013 DR"]
[Site "Budapest"]
[Date "2013.06.10"]
[Round "9.2"]
[White "Szalanczy, Emil"]
[Black "Akesson, Ralf"]
[Result "0-1"]
[WhiteElo "2285"]
[BlackElo "2449"]
[PlyCount "118"]
[EventDate "2013.06.01"]

1. e4 c6 2. d4 d5 3. Nc3 dxe4 4. Nxe4 Nd7 5. Bc4 Ngf6 6. Ng5 e6 7. N1f3 h6 8.
Nh3 g5 9. Nhg1 Bd6 10. Ne2 b5 11. Bd3 Bb7 12. a4 b4 13. a5 c5 14. a6 Bc6 15.
dxc5 Bxc5 16. Ng3 g4 17. Nh4 Ne5 18. O-O Nfd7 19. Nhf5 exf5 20. Bxf5 Kf8 21.
Bf4 h5 22. Qd2 f6 23. Rad1 Qe7 24. Rfe1 Rd8 25. Bh6+ Kf7 26. Nxh5 Nb6 27. Qc1
Rxd1 28. Rxd1 Rd8 29. Ng3 Rxd1+ 30. Qxd1 Qd6 31. Bxg4 Qxd1+ 32. Bxd1 Bb5 33.
Be2 Bxe2 34. Nxe2 Ng4 35. Bf4 Nxf2 36. Kf1 Nd1 37. b3 Nd5 38. Ke1 N1e3 39. g3
Nxc2+ 40. Kd2 Nxf4 41. Nxf4 Nd4 42. Kd3 Nf3 43. Kc4 Bf8 44. Kb5 Nd2 45. Ka4 Ne4
46. Kb5 Nc5 47. Nd5 Nxb3 48. Nxb4 Nd4+ 49. Kc4 Bxb4 50. Kxb4 Ne6 51. Kb5 Nc7+
52. Kc6 Nxa6 53. Kb7 Nb4 54. Kxa7 Nd5 55. Kb7 Ne3 56. h3 f5 57. Kc6 Ke6 58. Kc5
Ke5 59. h4 Nf1 0-1

[Event "FIRST SATURDAY  GM JUNE 2013 DR"]
[Site "Budapest"]
[Date "2013.06.11"]
[Round "10.1"]
[White "Hujbert, Florian"]
[Black "Andreev, Eduard"]
[Result "0-1"]
[WhiteElo "2456"]
[BlackElo "2498"]
[PlyCount "72"]
[EventDate "2013.06.01"]

1. d4 Nf6 2. c4 e6 3. Nc3 Bb4 4. Bg5 c5 5. d5 d6 6. e3 exd5 7. cxd5 Nbd7 8. Bd3
Qa5 9. Nge2 Nxd5 10. O-O Nxc3 11. bxc3 c4 12. Bc2 O-O 13. Bh4 Bxc3 14. Nxc3
Qxc3 15. Rc1 Qe5 16. Bg3 Qe6 17. Bxd6 Re8 18. e4 Ne5 19. f4 Nd3 20. Bxd3 cxd3
21. Qxd3 Qxe4 22. Rfe1 Qa4 23. Qg3 Rxe1+ 24. Rxe1 f6 25. Qd3 Bd7 26. Re7 Bc6
27. h3 Qxa2 28. Qg3 Qb1+ 29. Kh2 Qg6 30. Qb3+ Kh8 31. g4 Rd8 32. f5 Qg5 33. Qb4
b6 34. Qd4 h5 35. Kg3 a5 36. Re3 Rxd6 0-1

[Event "FIRST SATURDAY  GM JUNE 2013 DR"]
[Site "Budapest"]
[Date "2013.06.11"]
[Round "10.2"]
[White "Franco Alonso, Alejandro"]
[Black "Szalanczy, Emil"]
[Result "1/2-1/2"]
[WhiteElo "2487"]
[BlackElo "2285"]
[PlyCount "98"]
[EventDate "2013.06.01"]

1. d4 Nf6 2. c4 c5 3. d5 e6 4. Nc3 exd5 5. cxd5 d6 6. e4 g6 7. h3 Bg7 8. Nf3
O-O 9. Bd3 Re8 10. O-O c4 11. Bc2 Na6 12. Re1 Bd7 13. Be3 Nh5 14. Qd2 Qa5 15.
g4 Nf6 16. Bd4 Nb4 17. Nd1 b6 18. Bc3 Nxc2 19. Bxa5 Nxe1 20. Qxe1 Rxe4 21. Ne3
bxa5 22. Qxa5 h5 23. Nd2 Rd4 24. Ndxc4 hxg4 25. Nb6 axb6 26. Qxa8+ Kh7 27. hxg4
Nxg4 28. Kg2 Nxe3+ 29. fxe3 Rd2+ 30. Kf3 Rh2 31. Qd8 Bb5 32. Qxd6 Be2+ 33. Kg3
Rh5 34. Kf2 Bd3 35. Rg1 Be4 36. Rg4 Bxd5 37. e4 Bxa2 38. Qxb6 Be6 39. Rg2 Be5
40. b4 Kg7 41. Qc5 f6 42. Qa7+ Bf7 43. Rg1 Rh4 44. Rd1 Rxe4 45. Rd7 Kh6 46. Qa8
Rf4+ 47. Kg2 Be6 48. Re7 Rg4+ 49. Kf2 Bd4+ {
illegible writing....draw in 62 moves} 1/2-1/2